00639cam a2200193 a 4500001000800000005001700008008004100025020001600066040001800082082001800100100002000118245010300138260004500241300001700286500002000303650002100323650003500344856006600379157498220240130035747.0920731s1992 ii b 001 0 eng  a0195627970  aDLCcDLCdDLC 222a306bSUD.0 aSudhir Chandra,14aThe Oppressive present :bliterature and social consciousness in colonial India /cSudhir Chandra. aDelhi :bOxford University Press,c1992. axi, 192 p. ; aIncludes index. 0aIndic literature 0aSocial problems in literature.42uhttp://www.loc.gov/catdir/enhancements/fy0636/92902354-d.html